000 00670nam a2200229Ia 4500
003 OSt
005 20220923214539.0
006 a|||||r|||| 00| 0
007 ta
008 220922b |||||||| |||| 00| 0 hin d
024 _a170,668
037 _cTextual
040 _aARTS
_cARTS
_bhin
041 _2hin
_ahin
082 _aO152:3N10x, J4
100 _aअश्क, उपेन्द्रनाथ
245 0 _aजुदाई की शाम का गीत
246 _aJudāī kī shām kā gīta
260 _c1954
942 _hO152:3N10x, J4
_cTEXL
_2CC
999 _c324952
_d324952